000 00527nam a2200145Ia 4500
008 250112s9999 xx 000 0 und d
020 _a978-3-319-05215-1
100 _aStephen Poole, Oscar Hernandez, Pavel Shamis
245 0 _aOpenSHMEM and Related Technologies. Experiences, Implementations, and Tools
250 _a2014
260 _c2014
_bSpringer International Publishing
440 _aLecture Notes in Computer Science
856 _uhttps://link.springer.com/openurl?genre=book&isbn=978-3-319-05215-1
942 _cEB
999 _c377606
_d377606